Polskie Drogi Wojewódzkie 300-399 - Statystyki

Ogólne statystyki
  • Ten quiz został rozwiązany 17 razy
  • Średni wynik to 37 z 95
Statystyki odpowiedzi
Hint Odpowiedź % Poprawnych
(DK92) - Nowy Tomyśl - Wolsztyn - Wijewo - Wschowa - Wroniniec(DW324) 305
83%
(DW303)Brudzewo - Zbąszynek - Zbąszyń - Nowy Tomyśl(DW305) 302
75%
(DW305)Nowy Tomyśl - Grodzisk Wielkopolski - Kościan - Kunowo(DW434) 308
75%
(DK92)Świebodzin - Babimost - Siedlec - Powodowo(DK32) 303
67%
(DW187)Lipnica - Duszniki - Buk - Stęszew - Dymaczewo Nowe(DW431) 306
67%
(DW308)Bukowiec - Opalenica - Buk - Poznań(DW433) 307
67%
(DK32)Rakoniewice - Wielichowo - Czacz - Śmigiel(S5) 312
67%
(DW302) - babimost - okunin(DK32) 304
58%
(DW303/DW304)Babimost - Kargowa - Klenica(DW278) 313
58%
(DK32)Kargowa - Świętno(DW315) 314
58%
(DK32)Wolsztyn - Kolsko - Nowa Sól(S3/DW297) 315
58%
(DW315)Sławocin - Ciosaniec - Łupice - Kaszczor(DW305) 316
58%
(DW318)Tarnów Jezierny - Siedlisko - "Bytom Odrzanski" - Różanówka(DW321) 325
58%
(DW196)Głuchowo - Czempiń - Śrem(DW432) 310
50%
(DW196)Kawczyn - Czempiń(DW310) 311
50%
(A4)Legnica Wschód - Jawor - Bolków(DK3) 320
50%
(DW309)Leszno - Góra - Rudna - Lubin - Legnica - Jawor - Bolków(DK3) 323
50%
(DW292)Nowa Sól - Nowe Miasteczko - Polkowice - Lubin(DW323) - Legnica Wschód(A4) 333
50%
(DW296)Iłowa - Gozdnica(DW350) 300
42%
(DW315)Lubięcin - Tarnów Jezierny - Sława(DW278) 318
42%
(DW278)Stare Strącze - Krzepielów - Serby(DK12) 319
42%
(DW333)Nowe MIasteczko - Niegosławice - Przemków - Chocianów - Chojnów - Złotoryja - Świerzawa - Wojcieszów - Marciszów(DK5) 328
42%
(DK12)Głogów - Jerzmanowa - Potoczek(S3) 329
42%
(DW328)Chocianów - Polkowice - Rynarcice(DW323) 331
42%
(D) B178 - Sieniawka - Kopaczów - (CZ) I/35 332
42%
(DW328)Chojnów - Lubin(DW323) 335
42%
(DW351)Pieńsk - Dłużyna - Strzelno(DK94) 353
42%
(DW352)Koźmin - Zawidów - (CZ) I/13 355
42%
(DW357)Włosień - Platerówka - Leśna - Orłowice - Świeradów-Zdrój - Szklarska Poręba(DK3) 358
42%
(DW297)Bolesławiec - Warta Bolesławiecka - Zagrodno - Złotoryja - Jawor - Jenków(DW345) 363
42%
(DK30)Gryfów Śląski - Lwówek Śląski - Pielgrzymka - Złotoryja - Legnica(DK94) 364
42%
(DK3)Jelenia Góra - Dziwiszów - Stara Kraśnica - Jawor(DW363) 365
42%
(DK3)Piechowice - Jelenia Góra - Podgórzyn - Ścięgny - Kowary(DW367) 366
42%
(DW367)Przełęcz Kowarska - Miszkowice - Lubawka(DK5) 369
42%
(S8)Wrocław Psie Pole - Mirków - Łany - Siechnice - Iwiny(DW395) = tzw. WOW 372
42%
(DW363)Jawor - Strzegom - Stary Jaworów - Świebodzice(DK34) 374
42%
(DW367)Jabłów - Szczawno Zdrój - Wałbrzych(DK35) 376
42%
(DW363)Jawor - Strzegom - Stary Jaworów - Świdnica - Dzierżoniów - Piława Górna - Ząbkowice Śląskie - Kamieniec Ząbkowicki - Paczków - (CZ) I/60 382
42%
(DW381)Jedlina Zdrój - Walim - Pieszyce - Dzierżoniów(DW382) 383
42%
(DK33)Bystrzyca Kłodzka - Polanica-Zdrój - Ratno Dolne(DW387) 388
42%
(DK36)Rawicz - Bojanowo - Leszno - Lipno(S5) 309
33%
(DW315)Przyborów - Siedlisko - Grodziec Mały(DW319) 321
33%
(DK12)Szlichtyngowa - Niechłów - Góra - Załęcze(DK36) 324
33%
(DW325) - Bytom Odrzański(DW292) 326
33%
Dawny ślad DK5 w Bolkowie 327
33%
(DW292)Głogów - Pęcław - Luboszyce(DW323) 330
33%
(DW323)CIechanów - Jemielno - Krzelów - (DW338) 334
33%
Obwodnica Maciejowej w Jeleniej Górze 337
33%
(DW338)Prawików - Brzeg Dolny - Pęgów(DW342) 341
33%
(DW340)Wołów - Brzeg Dolny(DW341) 343
33%
(DK94)Wilczków - Budziszów Wielki - Strzegom(DK5) 345
33%
(DK12)Łęknica - Przewóz - Gozdnica - Ruszów - Osiecznica - Bolesławiec(DK94) 350
33%
(DW296)Jagodzin - Pieńsk - Zgorzelec - Jędrzychowice(DK94) 351
33%
(DK30)Zgorzelec - Bogatynia - (CZ) 352
33%
(DW352)Bogatynia - Sieniawka - (D) 354
33%
(DW352) - Sulików - Lubań - Nowogrodziec - Osiecznica(DW350) 357
33%
(DK30)Gryfów Śląski - Bartoszówka - Giebułtów - Świecie - (CZ) 360
33%
(DK30)Radoniów - Mirsk - Orłowice - Świeradów-Zdrój - (CZ) II/291 361
33%
(DK3)Jelenia Góra - Kowary - Kamienna Góra - Boguszów-Gorce - Wałbrzych(DK35) 367
33%
(DW372)Mirków - Długołęka - Oleśnica(S8) 368
33%
(CZ) II/252 - Przełęcz Okraj - Przełęcz Kowarska(DW369) 370
33%
(DW389)Mostowice - (CZ) II/311 371
33%
(S8/DK25)Oleśnica Północ - Spalice(dawna DK8) 373
33%
(DK5)Dobromierz - Chwaliszów - Stare Bogaczowice - Szczawno Zdrój - Wałbrzych(DW367) 375
33%
(DK35)Wałbrzych - Modliszów - Świdnica(DK35) 379
33%
(DK35)Wałbrzych - Jedlina Zdrój - Głuszyca - Nowa Ruda - Kłodzko(DK8) 381
33%
(DW381)Nowa Ruda - Bielawa - Dzierżoniów - Łagiewniki(DK8/DK39) 384
33%
(CZ) II/302 - Tłumaczów - Ścinawa Górna - Gorzuchów(DW381) 386
33%
(DW386)Ścinawka Średnia - Radków - Karłów - Kudowa-Zdrój(DK8) 387
33%
(DK8)Duszniki-Zdrój - Spalona - Międzylesie(DK33) 389
33%
(DK25)Złotniki Kujawskie - Niszczewice - Liszkowo(DW399) 398
33%
(DW398)Liszkowo - Żelechlin(DW246) 399
33%
(DK91)Probostowo - Bądkowo - Osięciny(DW267) 301
25%
(DK62)Włocławek - Kruszyn(DW265) 317
25%
(DK36)Wińsko - Wołów - Lubiąż - Kawice(DK94) 338
25%
(DW359)Żmigród - Wołów(DW340) 339
25%
(DK36)Ścinawa - Wołów - Oborniki Śląskie - Trzebnica - Oleśnica(dawna DK8) 340
25%
(DW339)Strupina - Oborniki Śląskie - Wrocław 342
25%
(DW348)Biskupice Podgórne - Tyniec Mały(DK35) 344
25%
(DK94)Środa Śląska - Kąty Wrocławskie - Gniechowice - Stary Śleszów - Gaj Oławski - Godzikowice(DK94) 346
25%
(DK5)Wrocław - Pietrzykowice - Kąty Wrocławskie(A4) 347
25%
(DW347)Pietrzykowice - Biskupice Podgórne - Małuszów(DK35) 348
25%
(S5)Żmigródek - Żmigród - Trzebnica - Wrocław Północ(A8/S5) 359
25%
(DK91)Nowe - Twarda Góra - Pieniążkowo(DK91) 377
25%
(DK39)Biedrzychów - Grodków(DW401) 378
25%
(DW384)Wolibórz - Ząbkowice Śląskie - Ziębice - Grodków - Jaczowice(DK46) 385
25%
(DW382)Kamieniec Ząbkowicki - Złoty Stok - Lądek-Zdrój(DW392) 390
25%
(DW214)Warlubie - Rulewo - Grupa(DW272) 391
25%
(DK33)Żelazno - Lądek-Zdrój - Stronie Śląskie - Bystrzyca Kłodzka(DK33) 392
25%
(DW357)Lubań - Kościelniki - Leśna(DW358) 393
25%
(DK10)Przyłubie - Solec Kujawski - Otorowo(DW397) 394
25%
()Wrocław - Żerniki Wrocławskie - Stary Śleszów - Strzelin - Ziębice - Chałupki(DW382) 395
25%
(DW395)Strzelin - Brzezimierz - Gaj Oławski - Oława - Bierutów(DW451) 396
25%
(DW394)Otorowo - Makowiska(DK10) 397
25%
(DW381)Ludwikowice Kłodzkie - Nowa Ruda - Ścinawa Górna(DW386) 380
17%
Nie znaleziono quizów pasujących do podanych kryteriów
Rozkład punktacji
Procent ludzi z każdym wynikiem
Percentyl według liczby udzielonych odpowiedzi
Twoja historia wyników
Nie rozwiązałeś tego quizu